000 01306cam a2200373 a 4500
999 _c526987
_d526987
001 15640019
003 NUST
005 20190718064650.0
008 090226s2009 maua b 001 0 eng
010 _a 2009008593
015 _aGBA976420
_2bnb
016 7 _a015341367
_2Uk
020 _a9780262033848 (hardcover : alk. paper)
020 _a0262033844 (hardcover : alk. paper)
020 _a9788120340077
020 _a9788120340077
035 _a(OCoLC)ocn311310321
038 _aArshad
040 _aDLC
_cDLC
_dBTCTA
_dYDXCP
_dUKM
_dC#P
_dBWX
_dCDX
_dNLGGC
_dCUV
_dDLC
050 0 0 _aQA76.6
_b.C662 2009
082 0 0 _a005.1
_bCOR
100 _aCormen, Thomas H
_98783
245 0 0 _aIntroduction to algorithms /
_cThomas H. Cormen ... [et al.].
250 _a3rd ed.
260 _aCambridge, Mass. :
_bMIT Press,
_c2009.
300 _axix, 1292 p. :
_bill. ;
_c24 cm.
504 _aIncludes bibliographical references (p. [1231]-1249) and index.
650 0 _aComputer programming.
_918025
650 0 _aComputer algorithms.
_93009
700 1 _aCormen, Thomas H.
_98783
906 _a7
_bcbc
_corignew
_d1
_eecip
_f20
_gy-gencatlg
942 _2ddc
_cBK